Analysis of linear systems (Record no. 4150)

000 -LEADER
fixed length control field 00506nam a22001931 4500
001 - CONTROL NUMBER
control field 4150
003 - CONTROL NUMBER IDENTIFIER
control field BD-DhUET
008 - FIXED-LENGTH DATA ELEMENTS--GENERAL INFORMATION
fixed length control field 790416s1959 maua 000 0 eng
040 ## - CATALOGING SOURCE
Original cataloging agency DLC
Transcribing agency DLC
Modifying agency BD-DhUET
082 ## - DEWEY DECIMAL CLASSIFICATION NUMBER
Classification number 629.83
Item number CHE/1959
100 1# - MAIN ENTRY--PERSONAL NAME
Personal name Cheng, David K.
245 00 - TITLE STATEMENT
Title Analysis of linear systems
250 ## - EDITION STATEMENT
Edition statement 1st ed.
260 ## - PUBLICATION, DISTRIBUTION, ETC. (IMPRINT)
Place of publication, distribution, etc. London
Name of publisher, distributor, etc. Addison-Wesley Publishing
Date of publication, distribution, etc. 1959
300 ## - PHYSICAL DESCRIPTION
Extent 431 p.
490 0# - SERIES STATEMENT
Series statement Addison-Wesley series in electrical engineering
650 #0 - SUBJECT ADDED ENTRY--TOPICAL TERM
Topical term or geographic name as entry element Linear Systems
942 ## - ADDED ENTRY ELEMENTS (KOHA)
Koha item type General Book
Holdings
Date acquired Koha item type Price effective from Piece designation (barcode) Sublocation or collection (holding branch) Shelving location Koha date last seen Koha normalized classification for sorting Withdrawn status Koha full call number Location (home branch) Source of classification or shelving scheme Copy number Not for loan Damaged status Lost status
2014-11-13General Book2014-11-1378368Central Library, BUETCirculation section2014-11-13629_000000000000000_83CHE1959 629.83/CHE/1959Central Library, BUET 1   
2014-11-13General Book2014-11-1378370Central Library, BUETCirculation section2014-11-13629_000000000000000_83CHE1959 629.83/CHE/1959Central Library, BUET 2   
2014-11-13General Book2014-11-1378369Central Library, BUETCirculation section2014-11-13629_000000000000000_83CHE1959 629.83/CHE/1959Central Library, BUET 3   
2014-11-17General Book2014-11-178330Central Library, BUETCirculation section2014-11-17629_000000000000000_83CHE1959 629.83/CHE/1959Central Library, BUET 4   
2014-11-17General Book2014-11-1724901Central Library, BUETCirculation section2014-11-17629_000000000000000_83CHE1959 629.83/CHE/1959Central Library, BUET 5   
2014-11-18General Book2014-11-1812682Central Library, BUETCirculation section2017-08-28629_000000000000000_83CHE1959 629.83/CHE/1959Central Library, BUET 6   
2015-06-20Reading Item2015-06-2024899Central Library, BUETReading section2015-06-20629_830000000000000_CHE_1959 629.83/CHE/1959Central Library, BUET 7   
2015-06-30Reading Item2015-06-3012690Central Library, BUETReading section2019-09-07629_830000000000000_CHE_1959 629.83/CHE/1959Central Library, BUET 8   
2015-06-30Reading Item2015-06-308327Central Library, BUETReading section2015-06-30629_830000000000000_CHE_1959 629.83/CHE/1959Central Library, BUET 9   
2015-06-30Reading Item2015-06-308331Central Library, BUETReading section2015-06-30629_830000000000000_CHE_1959 629.83/CHE/1959Central Library, BUET 10   
2015-07-04Reading Item2015-07-048328Central Library, BUETReading section2015-07-04629_830000000000000_CHE_1959 629.83/CHE/1959Central Library, BUET 11   
1973-10-04General Book2018-05-1232058Central Library, BUETCirculation section2018-05-12629_830000000000000_CHE_1959 629.83/CHE/1959Central Library, BUET 12